LIBRARY & INFORMATION CENTRE, KCAET, TAVANUR

ONLINE PUBLIC ACCESS CATALOGUE (OPAC)

Oil seeds and oil milling in India / (Record no. 7291)

MARC details
000 -LEADER
fixed length control field 00478cam a2200181ua 4500
020 ## - INTERNATIONAL STANDARD BOOK NUMBER
ISBN 81 204 0475 0
041 ## - LANGUAGE CODE
Language code of text/sound track or separate title eng
082 ## - DEWEY DECIMAL CLASSIFICATION NUMBER
Classification number 633.85
Item number ACH/OI
100 ## - MAIN ENTRY--AUTHOR NAME
Personal name Achaya, K T .
245 ## - TITLE STATEMENT
Title Oil seeds and oil milling in India /
250 ## - EDITION STATEMENT
Edition statement 1 /
260 ## - PUBLICATION, DISTRIBUTION, ETC. (IMPRINT)
Place of publication New Delhi :
Name of publisher Oxford & IBH Publishing company ,
Year of publication 1990.
300 ## - PHYSICAL DESCRIPTION
Number of Pages 409 ; .
942 ## - ADDED ENTRY ELEMENTS (KOHA)
Koha item type Books
Holdings
Withdrawn status Lost status Damaged status Home library Current library Date acquired Full call number Accession Number Koha item type
      KAUAET KAUAET 07/04/2012 633.85 17734 Books
free website counter